000 00496ntaaa2200193 4500
003 01
005 20251027201609.0
008 0714s1973 ag 01
040 _aAR-BaBN
_bspa
_cAR-BaBN
_eaacr
_dRIC
082 _a230.0200 B48
100 _aBigler, vernon
_914594
245 _aKey Words in Christian Thinking
250 _a1 ed.
260 _aNY :
_bAssociation Press,
_cc1966
300 _a125 p.
500 _auna guía de términos e ideas teológicas
650 _aTeología
942 _cBK
999 _c10579
_d10579